Tudás híján sok pénzzel bárki egyetemista lehet
Elmentve itt :
| Dokumentumtípus: | Cikk |
|---|---|
| Megjelent: |
2009-07-24
|
| Sorozat: | Magyar Hírlap
|
| Kulcsszavak: | Egyetemi felvételi 2009 |
| Online Access: | http://univ.bibl.u-szeged.hu/37849 |
| LEADER | 00455nab a2200157 i 4500 | ||
|---|---|---|---|
| 001 | univ37849 | ||
| 005 | 20171214104228.0 | ||
| 008 | 171214s2009 hu o 0|| zxx d | ||
| 040 | |a SZTE UnivHistória Repozitórium |b hun | ||
| 041 | |a zxx | ||
| 245 | 0 | 0 | |a Tudás híján sok pénzzel bárki egyetemista lehet |h [elektronikus dokumentum] |
| 260 | |c 2009-07-24 | ||
| 300 | |a 2 | ||
| 490 | 0 | |a Magyar Hírlap | |
| 561 | |a Egyetemi hirarchívum | ||
| 695 | |a Egyetemi felvételi 2009 | ||